000 00677nam a2200229Ia 4500
003 OSt
005 20250307164053.0
008 210210b1999 xxu||||| |||| 00| 0 eng d
020 _a81 7315 284 5
040 _cAL
041 _ahin
082 _a413 KAPP
100 _aKAPUR (Badarinath)
_9205009
110 _bकपूर बदरीनाथ
_9205010
245 _aPrabhat brahat angreji hindi kosh:
_bप्राबात बृहत अंग्रेजी हिंदी कोश
260 _aDilli
_bPrabhat Prakashan.
_c1999
300 _axi,1488
650 _aHindi
_9205011
690 _aDictionaries
_9205012
906 _a055152
942 _2ddc
_cBK
999 _c102617
_d102617